[Event "XXII. DBMM Schach"]
[Site "Dresden"]
[Date "2024.01.18"]
[Round "2.2"]
[Board "2"]
[White "Hammes, Frank"]
[Black "Schimmele, Alexander"]
[Result "1-0"]
[WhiteElo "2120"]
[BlackElo "1969"]
[Annotator "br"]
[PlyCount "119"]
[GameId "489223819689"]
[EventDate "2024.01.18"]
[EventType "team-swiss"]
[EventRounds "7"]
[EventCountry "GER"]
[Tiebreak "Buchholz"]
[SourceTitle "XXII. DBMM Schach"]
[Source "FV Schach e.V."]
[SourceDate "2024.01.21"]
[SourceVersion "1"]
[SourceVersionDate "2024.01.21"]
[SourceQuality "1"]
[WhiteTeam "EFS Filtertechnik Erkrath"]
[BlackTeam "SV Sparkassenversicherung Suttgart"]
[WhiteTeamCountry "GER"]
[BlackTeamCountry "GER"]

1. Nf3 Nf6 2. c4 g6 3. b3 Bg7 4. Bb2 O-O 5. g3 c6 6. Bg2 d5 7. O-O Qb6 8. Qc2 Na6 9. d3 Re8 10. Nbd2 Nb4 11. Qc1 a5 12. a3 Na6 13. Rb1 Nd7 14. Bxg7 Kxg7 15. b4 axb4 16. axb4 e5 17. b5 Nac5 18. bxc6 Qxc6 19. cxd5 Qxd5 20. Nc4 Qe6 21. Ncxe5 Nb3 22. Qb2 Nxe5 23. Qxb3 Rb8 24. Nxe5 Qxe5 25. Qb2 b5 26. f4 Qxb2 27. Rxb2 Bg4 28. Kf2 Rec8 29. Rfb1 Rc5 30. h3 Bd7 31. Rb4 Rc2 32. R1b2 Rxb2 33. Rxb2 b4 34. e4 b3 35. e5 Be6 36. Ke3 Rc8 37. Kd2 f6 38. g4 h5 39. gxh5 gxh5 40. h4 fxe5 41. fxe5 Rf8 42. Ke3 Rc8 43. Be4 Rc1 44. d4 Rc3+ 45. Kf4 Rh3 46. d5 Rxh4+ 47. Ke3 Rh3+ 48. Kd4 Bd7 49. d6 h4 50. Kd5 Re3 51. Kd4 Rg3 52. Bd5 Rg1 53. Bxb3 h3 54. e6 Rg6 55. Ke5 Bc6 56. d7 Rg5+ 57. Kd6 Rg2 58. d8=Q Rxb2 59. Qg5+ Kh7 60. Qh4+ 1-0

[Event "XXII. DBMM Schach"]
[Site "Dresden"]
[Date "2024.01.18"]
[Round "2.3"]
[Board "3"]
[White "Kecker, Christopher"]
[Black "Hartig, Uwe"]
[Result "1-0"]
[WhiteElo "1564"]
[BlackElo "1990"]
[Annotator "br"]
[PlyCount "59"]
[GameId "489223819690"]
[EventDate "2024.01.18"]
[EventType "team-swiss"]
[EventRounds "7"]
[EventCountry "GER"]
[Tiebreak "Buchholz"]
[SourceTitle "XXII. DBMM Schach"]
[Source "FV Schach e.V."]
[SourceDate "2024.01.21"]
[SourceVersion "1"]
[SourceVersionDate "2024.01.21"]
[SourceQuality "1"]
[WhiteTeam "SV Sparkassenversicherung Suttgart"]
[BlackTeam "EFS Filtertechnik Erkrath"]
[WhiteTeamCountry "GER"]
[BlackTeamCountry "GER"]

1. d4 d6 2. Nf3 Bg4 3. e3 Nd7 4. c4 e5 5. Nc3 Ngf6 6. h3 Bh5 7. Be2 c6 8. O-O h6 9. Qc2 g5 10. Rd1 Qe7 11. b3 Bg6 12. Qd2 O-O-O 13. d5 g4 14. dxc6 bxc6 15. hxg4 Nxg4 16. Ba3 Ndf6 17. c5 d5 18. Ba6+ Kb8 19. Na4 Ka8 20. Qa5 Rb8 21. Be2 Nd7 22. Qc7 Qe6 23. Nd2 f5 24. Nc4 Rh7 25. Nd6 Nxc5 26. Qxc6+ Nb7 27. Rxd5 Be8 28. Nb6+ axb6 29. Ra5+ bxa5 30. Qa6# 1-0

[Event "XXII. DBMM Schach"]
[Site "Dresden"]
[Date "2024.01.18"]
[Round "2.4"]
[Board "4"]
[White "Kehr, Joachim"]
[Black "Zeger, Detlef"]
[Result "1-0"]
[WhiteElo "1912"]
[BlackElo "1200"]
[Annotator "br"]
[PlyCount "39"]
[GameId "489223819691"]
[EventDate "2024.01.18"]
[EventType "team-swiss"]
[EventRounds "7"]
[EventCountry "GER"]
[Tiebreak "Buchholz"]
[SourceTitle "XXII. DBMM Schach"]
[Source "FV Schach e.V."]
[SourceDate "2024.01.21"]
[SourceVersion "1"]
[SourceVersionDate "2024.01.21"]
[SourceQuality "1"]
[WhiteTeam "EFS Filtertechnik Erkrath"]
[BlackTeam "SV Sparkassenversicherung Suttgart"]
[WhiteTeamCountry "GER"]
[BlackTeamCountry "GER"]

1. e4 d5 2. exd5 Qxd5 3. Nf3 Bg4 4. Be2 h5 5. Nc3 Qc6 6. Bb5 Qxb5 7. Nxb5 c6 8. Nc7+ Kd8 9. Nxa8 Nd7 10. d4 Ngf6 11. Bf4 e6 12. h3 Bxf3 13. Qxf3 Kc8 14. O-O-O Rg8 15. c4 g5 16. Be5 g4 17. hxg4 hxg4 18. Qf4 c5 19. Bxf6 Nxf6 20. Qc7# 1-0

[Event "XXII. DBMM Schach"]
[Site "Dresden"]
[Date "2024.01.18"]
[Round "2.1"]
[Board "1"]
[White "Grabow, Carsten"]
[Black "Warnest, Stefan"]
[Result "1-0"]
[WhiteElo "2067"]
[BlackElo "1569"]
[Annotator "br"]
[PlyCount "51"]
[GameId "489223819696"]
[EventDate "2024.01.18"]
[EventType "team-swiss"]
[EventRounds "7"]
[EventCountry "GER"]
[Tiebreak "Buchholz"]
[SourceTitle "XXII. DBMM Schach"]
[Source "FV Schach e.V."]
[SourceDate "2024.01.21"]
[SourceVersion "1"]
[SourceVersionDate "2024.01.21"]
[SourceQuality "1"]
[WhiteTeam "d-fine Frankfurt II"]
[BlackTeam "BA Tempelhof Berlin IV"]
[WhiteTeamCountry "GER"]
[BlackTeamCountry "GER"]

1. e4 c6 2. c4 d5 3. cxd5 cxd5 4. exd5 Qxd5 5. Nc3 Qa5 6. d4 Nf6 7. Bc4 e6 8. Nf3 Bb4 9. Bd2 O-O 10. O-O Bd7 11. a3 Bd6 12. Ne4 Qc7 13. Nxd6 Qxd6 14. Bb4 Qc7 15. Bxf8 Kxf8 16. Rc1 Nc6 17. b4 a6 18. Qe2 Qd6 19. Rfd1 Nd5 20. Qe4 g6 21. Qh4 Kg8 22. Ng5 Nf6 23. d5 Ne5 24. dxe6 Qe7 25. exd7 Nxc4 26. Nxh7 1-0

[Event "XXII. DBMM Schach"]
[Site "Dresden"]
[Date "2024.01.18"]
[Round "2.2"]
[Board "2"]
[White "Wolf, Wilfried"]
[Black "Belzner, Jonas"]
[Result "0-1"]
[WhiteElo "1695"]
[BlackElo "1911"]
[Annotator "br"]
[PlyCount "81"]
[GameId "489223819697"]
[EventDate "2024.01.18"]
[EventType "team-swiss"]
[EventRounds "7"]
[EventCountry "GER"]
[Tiebreak "Buchholz"]
[SourceTitle "XXII. DBMM Schach"]
[Source "FV Schach e.V."]
[SourceDate "2024.01.21"]
[SourceVersion "1"]
[SourceVersionDate "2024.01.21"]
[SourceQuality "1"]
[WhiteTeam "BA Tempelhof Berlin IV"]
[BlackTeam "d-fine Frankfurt II"]
[WhiteTeamCountry "GER"]
[BlackTeamCountry "GER"]

1. e4 c6 2. d4 d5 3. exd5 cxd5 4. Nf3 Nc6 5. Be2 Bg4 6. O-O e6 7. Bf4 Nf6 8. h3 Bxf3 9. Bxf3 Qb6 10. Bc1 Qxd4 11. c3 Qxd1 12. Rxd1 Bc5 13. Bg5 Ne5 14. Be2 Ne4 15. Bb5+ Nc6 16. Bxc6+ bxc6 17. Be3 Bxe3 18. fxe3 Rb8 19. b3 Ke7 20. Rd3 e5 21. Na3 Ke6 22. c4 Rhc8 23. Rad1 Nf6 24. g4 h6 25. Kg2 a5 26. Rg1 Rb7 27. Kh1 a4 28. g5 Ne4 29. Kh2 Nxg5 30. Rgd1 axb3 31. axb3 Ra8 32. cxd5+ cxd5 33. Nb1 Ra2+ 34. Kg3 Ne4+ 35. Kh4 Rb4 36. Rxd5 Nf6+ 37. Kg3 Nxd5 38. Rxd5 Kxd5 39. Nc3+ Ke6 40. Nxa2 Rxb3 41. Kf3 0-1

[Event "XXII. DBMM Schach"]
[Site "Dresden"]
[Date "2024.01.18"]
[Round "2.3"]
[Board "3"]
[White "Broeker, Yannic"]
[Black "Frahm, Werner"]
[Result "1-0"]
[WhiteElo "1829"]
[BlackElo "1535"]
[Annotator "br"]
[PlyCount "67"]
[GameId "489223819698"]
[EventDate "2024.01.18"]
[EventType "team-swiss"]
[EventRounds "7"]
[EventCountry "GER"]
[Tiebreak "Buchholz"]
[SourceTitle "XXII. DBMM Schach"]
[Source "FV Schach e.V."]
[SourceDate "2024.01.21"]
[SourceVersion "1"]
[SourceVersionDate "2024.01.21"]
[SourceQuality "1"]
[WhiteTeam "d-fine Frankfurt II"]
[BlackTeam "BA Tempelhof Berlin IV"]
[WhiteTeamCountry "GER"]
[BlackTeamCountry "GER"]

1. Nf3 Nf6 2. c4 c5 3. Nc3 e6 4. e4 d6 5. d4 Be7 6. Bd3 cxd4 7. Nxd4 e5 8. Nc2 Nbd7 9. Ne3 Nc5 10. Bc2 b6 11. O-O O-O 12. Re1 Bb7 13. Nf5 Bc8 14. Nxe7+ Qxe7 15. Bg5 Bb7 16. Qf3 Ncd7 17. Rad1 a6 18. Ne2 Qe6 19. b3 Ne8 20. Ng3 f6 21. Bc1 g6 22. Qe3 Kh8 23. Bb2 f5 24. exf5 gxf5 25. f4 Kg8 26. Qd2 Qg6 27. fxe5 Nxe5 28. Bxe5 dxe5 29. Rxe5 Qc6 30. Nxf5 Rf7 31. Nh6+ Kf8 32. Nxf7 Ng7 33. Ng5 Qc7 34. Qf4+ 1-0

[Event "XXII. DBMM Schach"]
[Site "Dresden"]
[Date "2024.01.18"]
[Round "2.4"]
[Board "4"]
[White "Meseck, Michael"]
[Black "Sterin, Andrei"]
[Result "0-1"]
[WhiteElo "1487"]
[BlackElo "1400"]
[Annotator "br"]
[PlyCount "80"]
[GameId "489223819699"]
[EventDate "2024.01.18"]
[EventType "team-swiss"]
[EventRounds "7"]
[EventCountry "GER"]
[Tiebreak "Buchholz"]
[SourceTitle "XXII. DBMM Schach"]
[Source "FV Schach e.V."]
[SourceDate "2024.01.21"]
[SourceVersion "1"]
[SourceVersionDate "2024.01.21"]
[SourceQuality "1"]
[WhiteTeam "BA Tempelhof Berlin IV"]
[BlackTeam "d-fine Frankfurt II"]
[WhiteTeamCountry "GER"]
[BlackTeamCountry "GER"]

1. d4 Nf6 2. c4 g6 3. Nc3 Bg7 4. e4 d6 5. Nf3 O-O 6. Be2 Nbd7 7. O-O e5 8. d5 Ne8 9. Bd3 Nc5 10. Bb1 f5 11. Bg5 Bf6 12. Bh6 Ng7 13. exf5 gxf5 14. Re1 Rf7 15. Be3 e4 16. Nd4 Be5 17. f4 Bf6 18. Bf2 h5 19. Re3 h4 20. Bc2 Bxd4 21. Qxd4 Nh5 22. Ne2 Rg7 23. Be1 Kh7 24. Bc3 Qg8 25. g3 hxg3 26. hxg3 Rg4 27. Kh2 Bd7 28. Rh1 Qg6 29. Be1 Rg8 30. Kg2 b5 31. b3 c6 32. Rh3 bxc4 33. bxc4 cxd5 34. cxd5 Bb5 35. Kf2 Rg7 36. Nc3 Rxf4+ 37. Kg2 Bf1+ 38. Kh2 Bxh3 39. Kxh3 Rh4+ 40. Kxh4 Qg4# 0-1

[Event "XXII. DBMM Schach"]
[Site "Dresden"]
[Date "2024.01.18"]
[Round "2.1"]
[Board "1"]
[White "Brauer, Frank"]
[Black "Dolzhykova, Kateryna"]
[Result "0-1"]
[WhiteElo "1776"]
[BlackElo "2298"]
[Annotator "fb"]
[PlyCount "68"]
[GameId "489223819700"]
[EventDate "2024.01.18"]
[EventType "team-swiss"]
[EventRounds "7"]
[EventCountry "GER"]
[Tiebreak "Buchholz"]
[SourceTitle "XXII. DBMM Schach"]
[Source "FV Schach e.V."]
[SourceDate "2024.01.21"]
[SourceVersion "1"]
[SourceVersionDate "2024.01.21"]
[SourceQuality "1"]
[WhiteTeam "BSG Commerzbank Frankfurt II"]
[BlackTeam "DZ Bank Frankfurt"]
[WhiteTeamCountry "GER"]
[BlackTeamCountry "GER"]

1. e4 c5 2. c3 e6 3. d4 d5 4. exd5 exd5 5. Nf3 Nf6 6. Be2 Nc6 7. O-O Be7 8. Bf4 O-O 9. Nbd2 Bg4 10. h3 Bh5 11. Re1 Re8 12. Ne5 Bxe2 13. Rxe2 cxd4 14. Nxc6 bxc6 15. cxd4 Qb6 16. Nb3 Ne4 17. Rc1 a5 18. Rec2 Rac8 19. Be3 Nd6 20. Nd2 Nf5 21. Nf3 Nxe3 22. fxe3 Bd6 23. Qd3 Re6 24. Ng5 Rg6 25. Qf5 Rc7 26. Rf1 h6 27. Nf3 Qb5 28. Rd1 Rf6 29. Qd3 Qb8 30. e4 dxe4 31. Qxe4 Re7 32. Qd3 Qe8 33. Qf1 Bb8 34. Re1 Rxf3 0-1

[Event "XXII. DBMM Schach"]
[Site "Dresden"]
[Date "2024.01.18"]
[Round "2.2"]
[Board "2"]
[White "Damm, Nils"]
[Black "Huebner, Detlef"]
[Result "1-0"]
[WhiteElo "1967"]
[BlackElo "1551"]
[Annotator "br"]
[PlyCount "53"]
[GameId "489223819701"]
[EventDate "2024.01.18"]
[EventType "team-swiss"]
[EventRounds "7"]
[EventCountry "GER"]
[Tiebreak "Buchholz"]
[SourceTitle "XXII. DBMM Schach"]
[Source "FV Schach e.V."]
[SourceDate "2024.01.21"]
[SourceVersion "1"]
[SourceVersionDate "2024.01.21"]
[SourceQuality "1"]
[WhiteTeam "DZ Bank Frankfurt"]
[BlackTeam "BSG Commerzbank Frankfurt II"]
[WhiteTeamCountry "GER"]
[BlackTeamCountry "GER"]

1. d4 Nf6 2. Nf3 d5 3. Bf4 e6 4. e3 Bd6 5. Bg3 Nc6 6. Bd3 O-O 7. O-O Re8 8. c4 Bxg3 9. hxg3 e5 10. cxd5 Qxd5 11. Nc3 Qd7 12. Bb5 exd4 13. Nxd4 a6 14. Bxc6 bxc6 15. Qf3 Bb7 16. Rfd1 Qg4 17. Qxg4 Nxg4 18. Na4 Rab8 19. b3 Ne5 20. Rac1 Rbd8 21. Nc5 Bc8 22. Nd3 Nxd3 23. Rxd3 Bb7 24. Rdc3 Rd6 25. Nxc6 Rxc6 26. Rxc6 Bxc6 27. Rxc6 1-0

[Event "XXII. DBMM Schach"]
[Site "Dresden"]
[Date "2024.01.18"]
[Round "2.3"]
[Board "3"]
[White "Vossen, Dieter"]
[Black "Garbe, Maximilian"]
[Result "0-1"]
[WhiteElo "1758"]
[BlackElo "1920"]
[Annotator "fb"]
[PlyCount "99"]
[GameId "489223819702"]
[EventDate "2024.01.18"]
[EventType "team-swiss"]
[EventRounds "7"]
[EventCountry "GER"]
[Tiebreak "Buchholz"]
[SourceTitle "XXII. DBMM Schach"]
[Source "FV Schach e.V."]
[SourceDate "2024.01.21"]
[SourceVersion "1"]
[SourceVersionDate "2024.01.21"]
[SourceQuality "1"]
[WhiteTeam "BSG Commerzbank Frankfurt II"]
[BlackTeam "DZ Bank Frankfurt"]
[WhiteTeamCountry "GER"]
[BlackTeamCountry "GER"]

1. e4 e5 2. Bc4 d6 3. Nc3 Nf6 4. f4 Be7 5. Nf3 Nc6 6. O-O Bg4 7. h3 Bxf3 8. Qxf3 Qd7 9. Ne2 Na5 10. d3 Nxc4 11. dxc4 Qc6 12. fxe5 dxe5 13. Nc3 O-O 14. b3 Bb4 15. Nd5 Nxd5 16. exd5 Qg6 17. c3 e4 18. Qe3 Bd6 19. Qg5 Qxg5 20. Bxg5 f5 21. Be3 f4 22. Bd4 Rae8 23. Rae1 e3 24. Rf3 g5 25. g4 Be5 26. Bxe5 Rxe5 27. Kf1 Rf6 28. Ke2 h5 29. Rh1 Rh6 30. Rff1 Re7 31. gxh5 Rxh5 32. h4 Reh7 33. Rhg1 Rxh4 34. Rxg5+ Rg7 35. Rxg7+ Kxg7 36. Kf3 Kf6 37. Ke4 Kg5 38. Rg1+ Rg4 39. Rf1 Rg2 40. a3 e2 41. Re1 Kg4 42. Kd3 f3 43. Rh1 f2 44. Kxe2 Rg1 45. Kxf2 Rxh1 46. Ke3 Kf5 47. Kd4 b6 48. b4 Rh4+ 49. Kd3 Ke5 50. Kc2 0-1

[Event "XXII. DBMM Schach"]
[Site "Dresden"]
[Date "2024.01.18"]
[Round "2.4"]
[Board "4"]
[White "Bluemer, Timo"]
[Black "Machine, Kevin"]
[Result "1-0"]
[WhiteElo "1200"]
[BlackElo "1000"]
[Annotator "br"]
[PlyCount "21"]
[GameId "489223819703"]
[EventDate "2024.01.18"]
[EventType "team-swiss"]
[EventRounds "7"]
[EventCountry "GER"]
[Tiebreak "Buchholz"]
[SourceTitle "XXII. DBMM Schach"]
[Source "FV Schach e.V."]
[SourceDate "2024.01.21"]
[SourceVersion "1"]
[SourceVersionDate "2024.01.21"]
[SourceQuality "1"]
[WhiteTeam "DZ Bank Frankfurt"]
[BlackTeam "BSG Commerzbank Frankfurt II"]
[WhiteTeamCountry "GER"]
[BlackTeamCountry "GER"]

1. e4 e5 2. Nf3 Nf6 3. Nxe5 d6 4. Nf3 Nxe4 5. Nc3 d5 6. Qe2 c6 7. d3 Be7 8. dxe4 dxe4 9. Qxe4 O-O 10. Bd3 Na6 11. Qxh7# 1-0

[Event "XXII. DBMM Schach"]
[Site "Dresden"]
[Date "2024.01.18"]
[Round "2.1"]
[Board "1"]
[White "Harden, Markus"]
[Black "Raum, Norbert"]
[Result "0-1"]
[WhiteElo "1500"]
[BlackElo "1842"]
[Annotator "br"]
[PlyCount "54"]
[GameId "489223819704"]
[EventDate "2024.01.18"]
[EventType "team-swiss"]
[EventRounds "7"]
[EventCountry "GER"]
[Tiebreak "Buchholz"]
[SourceTitle "XXII. DBMM Schach"]
[Source "FV Schach e.V."]
[SourceDate "2024.01.21"]
[SourceVersion "1"]
[SourceVersionDate "2024.01.21"]
[SourceQuality "1"]
[WhiteTeam "d-fine Frankfurt III"]
[BlackTeam "BA Nord/Baubehoerde Hamburg II"]
[WhiteTeamCountry "GER"]
[BlackTeamCountry "GER"]

1. e4 d5 2. exd5 Qxd5 3. Nc3 Qd6 4. d4 Nf6 5. Nf3 c6 6. Be3 Bf5 7. Bd3 Bg6 8. Qd2 e6 9. Bxg6 hxg6 10. O-O-O Nbd7 11. Bf4 Qb4 12. Ne5 O-O-O 13. Nxf7 Be7 14. Nxh8 Rxh8 15. f3 Nb6 16. Nb1 Qa4 17. b3 Qxa2 18. Qd3 Nfd5 19. Be5 Bg5+ 20. Rd2 Nb4 21. Qxg6 Bh6 22. Qxe6+ Nd7 23. f4 Qa1 24. Rdd1 Nd5 25. Qd6 Nxe5 26. dxe5 Bxf4+ 27. Rd2 Nc3 0-1

[Event "XXII. DBMM Schach"]
[Site "Dresden"]
[Date "2024.01.18"]
[Round "2.2"]
[Board "2"]
[White "Kaliski, Achim"]
[Black "Moser, Johannes"]
[Result "1-0"]
[WhiteElo "1950"]
[BlackElo "1300"]
[Annotator "br"]
[PlyCount "89"]
[GameId "489223819705"]
[EventDate "2024.01.18"]
[EventType "team-swiss"]
[EventRounds "7"]
[EventCountry "GER"]
[Tiebreak "Buchholz"]
[SourceTitle "XXII. DBMM Schach"]
[Source "FV Schach e.V."]
[SourceDate "2024.01.21"]
[SourceVersion "1"]
[SourceVersionDate "2024.01.21"]
[SourceQuality "1"]
[WhiteTeam "BA Nord/Baubehoerde Hamburg II"]
[BlackTeam "d-fine Frankfurt III"]
[WhiteTeamCountry "GER"]
[BlackTeamCountry "GER"]

1. e4 c5 2. Nc3 Nc6 3. g3 Nf6 4. Bg2 g6 5. f4 d6 6. Nf3 Bg4 7. h3 Bxf3 8. Qxf3 Nd4 9. Qd1 Qd7 10. O-O Bg7 11. d3 O-O-O 12. Be3 h5 13. Ne2 Nh7 14. c3 Nxe2+ 15. Qxe2 Rhf8 16. Rac1 f5 17. d4 Nf6 18. e5 Ne4 19. Bxe4 fxe4 20. exd6 Qxh3 21. Qg2 Qe6 22. dxe7 Qxe7 23. dxc5 h4 24. g4 h3 25. Qe2 Qh4 26. Kh2 g5 27. Bf2 Qh6 28. f5 Be5+ 29. Kh1 Qc6 30. Bd4 e3+ 31. Qf3 Qxf3+ 32. Rxf3 Bxd4 33. cxd4 Rde8 34. Re1 Re4 35. f6 Rxd4 36. Rfxe3 Rf4 37. Re8+ Rxe8 38. Rxe8+ Kd7 39. Re7+ Kc6 40. f7 Kxc5 41. Rxb7 Kc6 42. Rxa7 Kd6 43. Kh2 Rf3 44. a4 Kc6 45. a5 1-0

[Event "XXII. DBMM Schach"]
[Site "Dresden"]
[Date "2024.01.18"]
[Round "2.3"]
[Board "3"]
[White "Breitsamter, Lorenz"]
[Black "Lindemann, Thomas"]
[Result "1-0"]
[WhiteElo "1500"]
[BlackElo "1537"]
[Annotator "br"]
[PlyCount "77"]
[GameId "489223819706"]
[EventDate "2024.01.18"]
[EventType "team-swiss"]
[EventRounds "7"]
[EventCountry "GER"]
[Tiebreak "Buchholz"]
[SourceTitle "XXII. DBMM Schach"]
[Source "FV Schach e.V."]
[SourceDate "2024.01.21"]
[SourceVersion "1"]
[SourceVersionDate "2024.01.21"]
[SourceQuality "1"]
[WhiteTeam "d-fine Frankfurt III"]
[BlackTeam "BA Nord/Baubehoerde Hamburg II"]
[WhiteTeamCountry "GER"]
[BlackTeamCountry "GER"]

1. e4 c5 2. Nc3 Nc6 3. g3 e5 4. Bg2 a6 5. a4 Nf6 6. d3 h6 7. f4 d6 8. Nf3 Bg4 9. h3 Bd7 10. Be3 Be7 11. Qd2 Nd4 12. g4 Bc6 13. fxe5 dxe5 14. Nxe5 g5 15. Nxc6 Nxc6 16. Ne2 Qb6 17. Qc3 O-O 18. O-O Nd7 19. b3 Nce5 20. Bc1 Bf6 21. Rxf6 Qxf6 22. Bb2 Rae8 23. Kh1 Qf2 24. Qe1 Qxe1+ 25. Rxe1 f6 26. Rf1 Re6 27. Ng3 Ng6 28. Ne2 Nde5 29. Bc1 Nc6 30. Ng3 Nb4 31. Rf2 a5 32. Nf5 Kh7 33. Be3 b6 34. Rd2 Rd8 35. Kg1 Nc6 36. c3 Nce7 37. d4 Nxf5 38. gxf5 cxd4 39. fxe6 1-0

[Event "XXII. DBMM Schach"]
[Site "Dresden"]
[Date "2024.01.18"]
[Round "2.4"]
[Board "4"]
[White "Mahler, Sonja"]
[Black "Biederbeck, Noah"]
[Result "1-0"]
[WhiteElo "1428"]
[BlackElo "1000"]
[Annotator "br"]
[PlyCount "27"]
[GameId "489223819707"]
[EventDate "2024.01.18"]
[EventType "team-swiss"]
[EventRounds "7"]
[EventCountry "GER"]
[Tiebreak "Buchholz"]
[SourceTitle "XXII. DBMM Schach"]
[Source "FV Schach e.V."]
[SourceDate "2024.01.21"]
[SourceVersion "1"]
[SourceVersionDate "2024.01.21"]
[SourceQuality "1"]
[WhiteTeam "BA Nord/Baubehoerde Hamburg II"]
[BlackTeam "d-fine Frankfurt III"]
[WhiteTeamCountry "GER"]
[BlackTeamCountry "GER"]

1. d4 d5 2. Bf4 Nf6 3. e3 Bd7 4. c4 e6 5. a3 Bd6 6. Bg5 O-O 7. cxd5 exd5 8. Nc3 Be7 9. Bd3 Ne4 10. Bxe7 Nxc3 11. Bxh7+ Kh8 12. Qh5 f6 13. Bg6+ Kg8 14. Qh7# 1-0

[Event "XXII. DBMM Schach"]
[Site "Dresden"]
[Date "2024.01.19"]
[Round "3.1"]
[Board "1"]
[White "Seger, Ruediger"]
[Black "Thiede, Lars"]
[Result "1/2-1/2"]
[WhiteElo "2269"]
[BlackElo "2420"]
[Annotator "br"]
[PlyCount "56"]
[GameId "489223822403"]
[EventDate "2024.01.18"]
[EventType "team-swiss"]
[EventRounds "7"]
[EventCountry "GER"]
[Tiebreak "Buchholz"]
[SourceTitle "XXII. DBMM Schach"]
[Source "FV Schach e.V."]
[SourceDate "2024.01.21"]
[SourceVersion "1"]
[SourceVersionDate "2024.01.21"]
[SourceQuality "1"]
[WhiteTeam "Deutsche Post Bonn"]
[BlackTeam "BA Tempelhof Berlin"]
[WhiteTeamCountry "GER"]
[BlackTeamCountry "GER"]

1. e4 d6 2. d4 Nf6 3. Nc3 e5 4. Nf3 exd4 5. Nxd4 Be7 6. Bf4 O-O 7. Be2 Re8 8. O-O Bf8 9. Bf3 Nbd7 10. Re1 Ne5 11. Bg5 c6 12. Be2 h6 13. Bc1 Ng6 14. Bf1 d5 15. exd5 Rxe1 16. Qxe1 Nxd5 17. Bd2 Nb4 18. Nce2 c5 19. a3 Nd5 20. Nb5 a6 21. Nbc3 Bf5 22. Rc1 Nxc3 23. Bxc3 Qc7 24. Ng3 Bd7 25. Rd1 Re8 26. Qd2 Bc6 27. Nf5 b5 28. b3 Qf4 1/2-1/2

[Event "XXII. DBMM Schach"]
[Site "Dresden"]
[Date "2024.01.19"]
[Round "3.2"]
[Board "2"]
[White "Kalinitschew, Sergej"]
[Black "Lunnebach, Oliver"]
[Result "1-0"]
[WhiteElo "2391"]
[BlackElo "2158"]
[Annotator "br"]
[PlyCount "57"]
[GameId "489223822423"]
[EventDate "2024.01.18"]
[EventType "team-swiss"]
[EventRounds "7"]
[EventCountry "GER"]
[Tiebreak "Buchholz"]
[SourceTitle "XXII. DBMM Schach"]
[Source "FV Schach e.V."]
[SourceDate "2024.01.21"]
[SourceVersion "1"]
[SourceVersionDate "2024.01.21"]
[SourceQuality "1"]
[WhiteTeam "BA Tempelhof Berlin"]
[BlackTeam "Deutsche Post Bonn"]
[WhiteTeamCountry "GER"]
[BlackTeamCountry "GER"]

1. Nf3 Nf6 2. c4 c5 3. Nc3 g6 4. d4 cxd4 5. Nxd4 Bg7 6. e4 d6 7. Be2 Nc6 8. Be3 Bd7 9. O-O O-O 10. Nb3 b6 11. Rc1 Be6 12. f3 Qd7 13. Nd5 Rfc8 14. Qd2 Ne8 15. Bg5 f6 16. Be3 Nc7 17. Rfd1 Re8 18. Bf2 Qc8 19. Nd4 Nxd4 20. Bxd4 Qb7 21. b4 Rac8 22. Be3 Na6 23. Rb1 Red8 24. Qd3 Nb8 25. c5 dxc5 26. bxc5 Nc6 27. cxb6 axb6 28. Rxb6 Qd7 29. Qb5 1-0

[Event "XXII. DBMM Schach"]
[Site "Dresden"]
[Date "2024.01.19"]
[Round "3.3"]
[Board "3"]
[White "Gikas, Andreas Basilius"]
[Black "Mueller, Mark"]
[Result "1-0"]
[WhiteElo "2123"]
[BlackElo "2059"]
[Annotator "br"]
[PlyCount "38"]
[GameId "489223822424"]
[EventDate "2024.01.18"]
[EventType "team-swiss"]
[EventRounds "7"]
[EventCountry "GER"]
[Tiebreak "Buchholz"]
[SourceTitle "XXII. DBMM Schach"]
[Source "FV Schach e.V."]
[SourceDate "2024.01.21"]
[SourceVersion "1"]
[SourceVersionDate "2024.01.21"]
[SourceQuality "1"]
[WhiteTeam "Deutsche Post Bonn"]
[BlackTeam "BA Tempelhof Berlin"]
[WhiteTeamCountry "GER"]
[BlackTeamCountry "GER"]

1. e4 c6 2. d4 d5 3. e5 c5 4. Nf3 Bg4 5. c4 cxd4 6. cxd5 Qxd5 7. Nc3 Qa5 8. Bb5+ Nc6 9. Bxc6+ bxc6 10. Qxd4 Bxf3 11. gxf3 e6 12. Bg5 f6 13. O-O-O Rd8 14. Qc4 Rxd1+ 15. Rxd1 Qxe5 16. Bf4 Qf5 17. Qxc6+ Kf7 18. Be3 a5 19. Rd8 Ne7 1-0

[Event "XXII. DBMM Schach"]
[Site "Dresden"]
[Date "2024.01.19"]
[Round "3.4"]
[Board "4"]
[White "Kettenburg, Stefan"]
[Black "Lorenz, Roger"]
[Result "1/2-1/2"]
[WhiteElo "2050"]
[BlackElo "2152"]
[Annotator "br"]
[PlyCount "55"]
[GameId "489223822425"]
[EventDate "2024.01.18"]
[EventType "team-swiss"]
[EventRounds "7"]
[EventCountry "GER"]
[Tiebreak "Buchholz"]
[SourceTitle "XXII. DBMM Schach"]
[Source "FV Schach e.V."]
[SourceDate "2024.01.21"]
[SourceVersion "1"]
[SourceVersionDate "2024.01.21"]
[SourceQuality "1"]
[WhiteTeam "BA Tempelhof Berlin"]
[BlackTeam "Deutsche Post Bonn"]
[WhiteTeamCountry "GER"]
[BlackTeamCountry "GER"]

1. d4 Nf6 2. c4 e6 3. Nf3 d5 4. cxd5 exd5 5. Nc3 Bb4 6. Bg5 h6 7. Bxf6 Qxf6 8. e3 c5 9. Bb5+ Bd7 10. Bxd7+ Nxd7 11. O-O Bxc3 12. bxc3 c4 13. e4 O-O 14. exd5 Qd6 15. Re1 Nb6 16. Qc2 Nxd5 17. Re5 b5 18. Nh4 Rfd8 19. Nf5 Qf6 20. Rae1 Kh8 21. g3 a6 22. Ne3 Nxe3 23. R1xe3 g6 24. Qe4 Ra7 25. Rf3 Qd6 26. Re8+ Rxe8 27. Qxe8+ Kg7 28. Re3 1/2-1/2